Robot Wars: Thor Quiz Stats

 Plays Quiz not verified by Sporcle

Challenge
Share
Tweet
Score 0/14 Timer 03:00
0 Plays Today
Tournament Robot % Correct
The Sixth WarsTornado
100%
The Sixth WarsAnarchy
92.6%
Extreme 2: New Blood ChampionshipStorm 2
92.6%
The Seventh WarsLightning
92.6%
The Seventh WarsGravity
92.6%
The Seventh WarsH̶y̶d̶r̶a̶
85.2%
The Sixth WarsJ̶u̶d̶g̶e̶ ̶S̶h̶r̶e̶d̶ ̶2̶½̶
81.5%
Tournament Robot % Correct
Extreme 2: New Blood ChampionshipC̶e̶d̶r̶i̶c̶ ̶S̶l̶a̶m̶m̶e̶r̶
81.5%
The Seventh WarsH̶o̶d̶a̶f̶ ̶t̶h̶e̶ ̶B̶a̶d̶
77.8%
Extreme 2: New Blood ChampionshipN̶i̶g̶h̶t̶ ̶R̶a̶i̶d̶e̶r̶
74.1%
The Sixth WarsR̶e̶v̶o̶l̶u̶t̶i̶o̶n̶ ̶2̶
70.4%
Extreme 2: New Blood ChampionshipE̶d̶g̶e̶ ̶H̶o̶g̶
63%
Extreme 2: New Blood ChampionshipC̶h̶i̶p̶
51.9%
Extreme 2: New Blood ChampionshipHell's Teeth
44.4%

You're not logged in!

Compare scores with friends on all Sporcle quizzes.
Join for Free
OR
Log In

You Might Also Like...

Show Comments

Extras

Top Quizzes Today


Score Distribution

Your Account Isn't Verified!

In order to create a playlist on Sporcle, you need to verify the email address you used during registration. Go to your Sporcle Settings to finish the process.

Report this User

Report this user for behavior that violates our Community Guidelines.

Details: